|
|
|
|
| LEADER |
00877nam a2200229 a 4500 |
| 001 |
000611282 |
| 003 |
CZ BrMZK |
| 005 |
20190812094249.0 |
| 008 |
020718s1981 xr f cze d |
| 040 |
|
|
|a BOA001
|b cze
|c BOA001
|
| 080 |
|
|
|a 76(437.6)"19":92 Rostoka
|2 MRF
|
| 100 |
1 |
|
|a Rostoka, Vladislav,
|d 1948-
|7 jo2003184029
|4 art
|
| 245 |
1 |
0 |
|a Vladislav Rostoka :
|b typografika : (plakáty, knižní grafika, značky) : Galerie mladých, Brno, září-říjen 1981 : katalog výstavy /
|c redakce katalogu Jiří Korotvička
|
| 260 |
|
|
|a Brno :
|b Galerie mladých,
|c 1981
|
| 300 |
|
|
|a 14 s.
|
| 500 |
|
|
|a Typografika
|
| 700 |
1 |
|
|a Korotvička, Jiří
|4 edt
|
| 710 |
2 |
|
|a Galerie mladých (Brno, Česko)
|7 ko2004233391
|
| 910 |
|
|
|a BOA001
|b X2-0842.420
|
| 990 |
|
|
|a BK
|
| 991 |
|
|
|b 201908
|
| 996 |
6 |
|
|b 2619214381
|c X2-0842.420
|l MZK
|r Sklad / do 24 hodin
|n 0
|w 000611282
|u 000010
|a 1
|e BOA001
|j MZK50
|s P
|